| 000 | 01036nam a22003737a 4500 | ||
|---|---|---|---|
| 001 | BR6002336 | ||
| 003 | BR-BrBNA | ||
| 005 | 20230928083125.0 | ||
| 007 | ta | ||
| 008 | 230509b bl.||||| |||| 00| 0 por d | ||
| 040 |
_aBR-BrBNA _bpor _cBiblioteca Nacional de Agricultura |
||
| 041 | _a(Por) | ||
| 072 | _aE70; E30 | ||
| 090 | _ E70 BR6002336 | ||
| 100 | 1 | _aCajueiro, I.T. | |
| 100 | 1 | _aPinto, L.C.G. | |
| 100 | 1 | _aMello, A.V. de | |
| 100 | 1 | _aRibeiro, G.B. | |
| 100 | 1 | _aPereira, M.C. | |
| 100 | 1 | _aFortes, N.T. | |
| 100 | 1 | _aCorrea, G. | |
| 110 | 1 |
_aMinisterio da Agricultura, Brasilia, DF (Brasil) _96753 |
|
| 245 | 1 | _aPrograma "Corredores de Exportacao". Projeto de fomento agricola | |
| 260 | 3 |
_aBrasilia, DF (Brasil): _c[nd]. |
|
| 300 | _a214 p. | ||
| 500 | _a130 illus.; Published after 1974 | ||
| 650 | _aEXPORTACAO | ||
| 650 | _aPRODUTIVIDADE | ||
| 650 | _aDEMANDA | ||
| 650 | _aMERCADO INTERNACIONAL | ||
| 650 | _aCORREDOR DE EXPORTACAO | ||
| 909 |
_a202309 _bLucia _c55 _dLucia Elande |
||
| 942 | _cBK | ||
| 999 |
_c11685 _d11685 |
||